000 00709nam a2200241Ia 4500
003 OSt
005 20221005082138.0
006 a|||||r|||| 00| 0
007 ta
008 221004b |||||||| |||| 00| 0 eng d
024 _a18387
037 _bGift, 01/06/2015,
_cTextual
040 _aCRL
_cCRL
_beng
041 _2eng
_aeng
082 _aO168,3N15x, 111M9
100 _aNarang Gopi Chand
245 0 _aRajinder Singh Bedi selected short stories
260 _aNew Delhi
_bSahitya Akademi India
_c1989
300 _a259p.
_ccm.
650 _aPERSIAN LITERATURE
_9309
942 _hO168,3N15x, 111M9
_cTEXL
_2cc
999 _c988796
_d988796